Noise in factories (Record no. 425363)

000 -LEADER
fixed length control field 00399cam a22001217a 4500
008 - FIXED-LENGTH DATA ELEMENTS--GENERAL INFORMATION
fixed length control field 180718b1960 xxu||||| |||| 00| 0 eng d
082 ## - DEWEY DECIMAL CLASSIFICATION NUMBER
Classification number X3x42 Un3
100 ## - MAIN ENTRY--PERSONAL NAME
Personal name Alersey- Williams, A.G.
245 ## - TITLE STATEMENT
Title Noise in factories
Statement of responsibility, etc. by A.G. Alersey- Williams
260 ## - PUBLICATION, DISTRIBUTION, ETC.
Place of publication, distribution, etc. London
Name of publisher, distributor, etc. Her Majesty's Stationery Office
Date of publication, distribution, etc. 1960
300 ## - PHYSICAL DESCRIPTION
Extent 25+p.
700 ## - ADDED ENTRY--PERSONAL NAME
Personal name United Kingdom. Department of Scientific & Industrial Rsearch
Holdings
Withdrawn status Lost status Damaged status Not for loan Permanent Location Current Location Date acquired Full call number Barcode Date last seen Price effective from Koha item type
        Indian Institute of Public Administration Indian Institute of Public Administration 2009-10-08 X3x42 Un3 23396 2018-07-21 2018-07-21 Book

Powered by Koha